Najlepsze Uniwersytety Świata - Statystyki

Ogólne statystyki
  • Ten quiz został rozwiązany 107 razy
  • Średni wynik to 4 z 10
Statystyki odpowiedzi
L.p. Kraj Nazwa uniwersytetu % Poprawnych
7 Wielka Brytania University of Oxford
92%
1 USA Harvard University
86%
3 Wielka Brytania University of Cambridge
77%
2 USA Stanford University
46%
4 USA Massachusetts Institute of Technology
43%
6 USA Princeton University
27%
8 USA Columbia University
23%
5 USA University of California
21%
10 USA University of Chicago
10%
9 USA California Institute of Technology
2%
Nie znaleziono quizów pasujących do podanych kryteriów
Rozkład punktacji
Procent ludzi z każdym wynikiem
Percentyl według liczby udzielonych odpowiedzi
Twoja historia wyników
Nie rozwiązałeś tego quizu